Carlos V (Record no. 36122)

MARC details
000 -LEADER
campo de control de longitud fija 00791nam a2200193 i 4500
001 - NÚMERO DE CONTROL
campo de control 36122
003 - IDENTIFICADOR DE NÚMERO DE CONTROL
campo de control ES-MaACL
005 - FECHA Y HORA DE LA ÚLTIMA TRANSACCIÓN
campo de control 20250730063056.0
007 - CAMPO FIJO DE DESCRIPCIÓN FÍSICA--INFORMACIÓN GENERAL
campo de control de longitud fija t|
008 - DATOS DE LONGITUD FIJA--INFORMACIÓN GENERAL
campo de control de longitud fija 030217s1943 sp ||||1| spa d
100 1# - ENTRADA PRINCIPAL--NOMBRE DE PERSONA
Nombre de persona Brandi, Karl
9 (RLIN) 31343
245 10 - MENCIÓN DEL TÍTULO
Título Carlos V
Resto del título : vida y fortuna de una personalidad y de un imperio mundial /
Mención de responsabilidad, etc. por Karl Brandi ; traducción del alemán y notas por Manuel Ballesteros Gaibrois ; con un proemio y epílogo de Antonio Ballesteros Beretta.
260 ## - PUBLICACIÓN, DISTRIBUCIÓN, ETC.
Lugar de publicación, distribución, etc. Madrid :
Nombre del editor, distribuidor, etc. Editora Nacional,
Fecha de publicación, distribución, etc. 1943 (
Fabricante Imp. Sèz)
300 ## - DESCRIPCIÓN FÍSICA
Extensión 535 p. :
Otras características físicas 2 map. pleg. ;
Dimensiones 26 cm.
700 1# - ENTRADA AGREGADA--NOMBRE PERSONAL
Nombre de persona Ballesteros Gaibrois, Manuel,
Fechas asociadas al nombre 1911-2002
9 (RLIN) 25056
700 1# - ENTRADA AGREGADA--NOMBRE PERSONAL
Nombre de persona Ballesteros Beretta, Antonio,
Fechas asociadas al nombre 1880-1949
9 (RLIN) 25050
852 ## - LOCALIZACIÓN
Ubicación ES-MaACL
Número de control de estantería F-15645
Sublocalización o colección R.19938
Holdings
Estatus retirado Estado de pérdida Estado de daño No para préstamo Biblioteca de origen Biblioteca actual Ubicación en estantería Fecha de adquisición Fuente de adquisición Total de préstamos Signatura topográfica completa Código de barras Visto por última vez Precio de reemplazo Tipo de ítem Koha
        Biblioteca del Ateneo de Madrid Biblioteca del Ateneo de Madrid Sala Pecera Planta 2 17/01/2008     F-15645 1037911 23/02/2023 23/02/2023 Libro impreso